Two Door Cinema Club-Sleep alone lyrics - Statistics

General Stats
  • This quiz has been taken 8 times
  • The average score is 206 of 276
Answer Stats
Hint Answer % Correct
And
100%
and
100%
go
100%
goal
100%
I
100%
is
100%
Is
100%
Verse 1 Know
100%
know
100%
know?
100%
my
100%
only
100%
to
100%
To
100%
alone
83%
army
83%
be
83%
beating
83%
'cause
83%
'Cause
83%
close
83%
ghosts
83%
Chorus He
83%
he
83%
head
83%
heart
83%
he's
83%
hold
83%
Hold
83%
hold,
83%
Hold,
83%
if
83%
If
83%
It
83%
it
83%
just
83%
knows
83%
needs
83%
no
83%
see
83%
sleep
83%
sleeps
83%
Pre-Chorus So
83%
so
83%
That
83%
The
83%
the
83%
they
83%
they're
83%
where
83%
asleep
67%
been
67%
can
67%
can't
67%
deepest
67%
every
67%
fast
67%
have
67%
headed
67%
him
67%
hurt
67%
i'm
67%
in
67%
may
67%
mind
67%
never
67%
of
67%
Of
67%
oh
67%
Pre-chorus Oh,
67%
places
67%
step
67%
them,
67%
This
67%
this
67%
Verse 2 We,
67%
we
67%
what
67%
When
67%
with
67%
believe
50%
far
50%
find
50%
from
50%
home
50%
I'll
50%
I've
50%
justify
50%
me
50%
more
50%
one
50%
peace
50%
said
50%
strength
50%
takes
50%
than
50%
was
50%
we're
50%
worthy,
50%
always
33%
chance
33%
desires
33%
don't
33%
hard
33%
has
33%
Bridge It's
33%
known
33%
last
33%
Let
33%
like
33%
make
33%
must
33%
not
33%
now
33%
sense
33%
we'll
33%
will
33%
escaped
17%
here,
17%
long
17%
morning
17%
us
17%
No matching quizzes found
Score Distribution
Percent of People with Each Score
Percentile by Number Answered
Your Score History
You have not taken this quiz